000 00931nam0a22002651 4500
001 rc\4543402
005 20260407070750.0
021 _aRU
_b[63-102148]
035 _a(NLR Aleph) 008636914
090 _a8917869
_c8917869
100 _a20130416d1964 |||y0rusy50 ca
101 0 _arus
102 _aRU
105 _aa z |||||
200 1 _aПо ту сторону тайны
_e[Для сред. возраста]
_fРис. А. Зегера
210 _aМосква
_cДет. лит.
_d1964
215 _a143 с.
_cил.
_d21
606 _aСуеверия и предрассудки (д. л.)
_2psbo
700 1 _7ca
_8rus
_aКомаров
_bВ. Н.
_cпопуляризатор науки, писатель
_f1924-2001
_gВиктор Ноевич
_3RU\NLR\AUTH\770175117
_9175066
702 1 _aЗегер
_bА.
_4440
801 0 _aRU
_bNLR
_gpsbo
801 1 _aRU
_bELAR
_2rusmarc
852 _aNLR
_j64-3/595
942 _cBOOK
980 _aNB